20 Départements aléatoires par Numéro - Statistiques

Statistiques générales
  • Ce quiz a été pris 706 fois
  • Le résultat moyen est 16 sur 20
Statistiques - réponses
Hint Réponse % Correct
01 Ain
100%
02 Aisne
100%
2B Haute-Corse
100%
2A Corse-du-Sud
97%
69 Rhône
97%
03 Allier
95%
75 Paris
95%
974 La Réunion
94%
53 Mayenne
94%
13 Bouches-du-Rhône
93%
46 Lot
93%
76 Seine-Maritime
93%
94 Val-de-Marne
93%
33 Gironde
92%
06 Alpes-Maritimes
91%
24 Dordogne
91%
34 Hérault
91%
972 Martinique
91%
973 Guyane
90%
09 Ariège
88%
14 Calvados
88%
04 Alpes de Haute-Provence
87%
23 Creuse
87%
28 Eure-et-Loir
87%
43 Haute-Loire
87%
90 Territoire-de-Belfort
87%
67 Bas-Rhin
86%
17 Charente-Maritime
85%
19 Corrèze
85%
91 Essonne
85%
51 Marne
85%
93 Seine-Saint-Denis
85%
971 Guadeloupe
84%
36 Indre
84%
45 Loiret
84%
58 Nièvre
84%
95 Val-d'Oise
84%
07 Ardêche
83%
42 Loire
83%
976 Mayotte
83%
72 Sarthe
83%
83 Var
83%
86 Vienne
83%
92 Hauts-de-Seine
82%
38 Isère
82%
40 Landes
82%
15 Cantal
81%
35 Ille-et-Vilaine
81%
56 Morbihan
81%
57 Moselle
81%
77 Seine-et-Marne
81%
88 Vosges
80%
78 Yvelines
80%
08 Ardennes
79%
21 Côte-d'Or
79%
32 Gers
79%
44 Loire-Atlantique
79%
50 Manche
79%
59 Nord
79%
84 Vaucluse
79%
10 Aube
78%
31 Haute-Garonne
78%
74 Haute-Savoie
78%
47 Lot-et-Garonne
78%
63 Puy-de-Dôme
78%
27 Eure
77%
29 Finistère
77%
49 Maine-et-Loire
76%
89 Yonne
76%
65 Hautes-Pyrénées
75%
16 Charente
74%
26 Drôme
74%
71 Saône-et-Loire
74%
22 Côtes d'Armor
73%
30 Gard
73%
55 Meuse
73%
60 Oise
73%
61 Orne
73%
62 Pas-de-Calais
73%
85 Vendée
73%
73 Savoie
72%
12 Aveyron
71%
18 Cher
71%
11 Aude
70%
05 Hautes-Alpes
70%
87 Haute-Vienne
70%
37 Indre-et-Loire
70%
41 Loir-et-Cher
70%
82 Tarn-et-Garonne
70%
80 Somme
69%
64 Pyrénées-Atlantiques
68%
81 Tarn
68%
25 Doubs
67%
52 Haute-Marne
67%
54 Meurthe-et-Moselle
67%
66 Pyrénées-Orientales
67%
39 Jura
64%
48 Lozère
64%
68 Haut-Rhin
63%
70 Haute-Saône
62%
79 Deux-Sèvres
61%
Aucun quiz correspondant
Distribution des résultats
% des personnes avec chaque résultat
Percentile par nombre de réponses
Votre historique - résultats
Vous n’avez pas pris ce quiz